SAN PABLO: LIBERTAD Y LEY NUEVA/

TRADUCCION DE: INITIATION A LA DOCTRINE SPIRITUELLE DE SAINT PAUL Y LIBERTE CHRETIENNE ET LOI DE I ESPRIT SELON SAINT PAUL.

Uloženo v:
Podrobná bibliografie
Hlavní autor: Lyonnet, Stanislas (autor)
Médium: Kniha
Vydání:2a edición
Edice:ESTELA; 18
Témata:
Tagy: Přidat tag
Žádné tagy, Buďte první, kdo vytvoří štítek k tomuto záznamu!

MARC

LEADER 00000nam^a2200000^a^4500
001 000220803
005 20250521000000.0
009 20260310103858.545
035 |a 039321 
037 |a Acervo Xavier Clavigero 
082 |a 227. 8 LYO 
100 |a Lyonnet, Stanislas  |e (autor) 
245 1 0 |a SAN PABLO:  |b LIBERTAD Y LEY NUEVA/  |c STANISLAS LYONNET, S.J.; TR. JOSE LUIS DOMINGUEZ VILLAR 
250 |a 2a edición 
264 |a BARCELONA :  |b SIGUEME,  |c 1967 
300 |a 126p. 
336 |a texto  |b txt  |2 rdacontenido 
337 |a sin mediación  |b n  |2 rdamedio 
338 |a volumen  |b nc  |2 rdasoporte 
440 |a ESTELA;  |v 18 
520 |a TRADUCCION DE: INITIATION A LA DOCTRINE SPIRITUELLE DE SAINT PAUL Y LIBERTE CHRETIENNE ET LOI DE I ESPRIT SELON SAINT PAUL. 
649 |a XX 
650 |a Biblia -  |x Nuevo Testamento -  |x Epístolas de Pablo 
910 |a Fondo General 
920 |a Impresos - Libros 
930 |a Colección General 
905 |a 101 
901 |a 039321  |b IT1  |c ACC  |i 039321  |u 20250521 
902 |a https://opac.biblio.iteso.mx/vufind/Record/000220803